000 00422nam a2200157Ia 4500
008 230917s9999||||xx |||||||||||||| ||und||
040 _e215276
_aMAIN
041 _aEnglish
082 _a660.6024576 K962M(2)
100 _aKun, Lee Yuan, ed.
245 0 _aMicrobial biotechnology: Principles and applications
250 _a2nd ed.
260 _aLondon
_bWorld scientific
_c2008
300 _axvi, 877 p.
942 _cBK
999 _c167986
_d167986